000 00455cam a22001817a 4500
008 180718b2000 xxu||||| |||| 00| 0 eng d
020 _an.a.
082 _aQ434 T22
245 _aTeaching good behaviour
260 _aLondon
_bTime Life Asia
_c2000
300 _a92p.
440 _aSuccessful parenting
650 _a(Written off)
650 _aChild development
650 _aChild psychology
650 _aChild care
650 _aParent and child
999 _c399065
_d399065